| Tag |
First Indicator |
Second Indicator |
Subfields |
| LEADER |
00000pam a2200000 a 4500 |
| 001 |
in00000089387 |
| 005 |
20151008063430.0 |
| 008 |
810430s1981 cau b s00110 eng |
| 010 |
|
|
|a 81003348
|
| 020 |
|
|
|a 0520044665 :
|c $24.50
|
| 035 |
|
|
|a (OCoLC)07552741
|
| 035 |
|
|
|9 AAK2219AM
|
| 039 |
0 |
|
|a 2
|b 3
|c 3
|d 3
|e 3
|
| 040 |
|
|
|a DLC
|c DLC
|d TXA
|d UtOrBLW
|
| 043 |
|
|
|a mm-----
|
| 049 |
|
|
|a TXAM
|c [951718]
|
| 050 |
0 |
0 |
|a PA3013
|b .R82
|
| 082 |
0 |
|
|a 801/.95/0938
|2 19
|
| 100 |
1 |
|
|a Russell, D. A.
|q (Donald Andrew)
|
| 245 |
1 |
0 |
|a Criticism in antiquity /
|c D.A. Russell.
|
| 264 |
|
1 |
|a Berkeley :
|b University of California Press,
|c [1981]
|
| 264 |
|
4 |
|c ©1981
|
| 300 |
|
|
|a 219 pages ;
|c 23 cm.
|
| 336 |
|
|
|a text
|b txt
|2 rdacontent
|
| 337 |
|
|
|a unmediated
|b n
|2 rdamedia
|
| 338 |
|
|
|a volume
|b nc
|2 rdacarrier
|
| 500 |
|
|
|a Includes index.
|
| 504 |
|
|
|a Bibliography: pages [209]-216.
|
| 650 |
|
0 |
|a Classical literature
|x History and criticism.
|
| 650 |
|
0 |
|a Criticism.
|
| 999 |
|
|
|a MARS
|
| 999 |
f |
f |
|s 603e930e-07a1-3b9a-b71a-8dee4d2b578b
|i cdbdb0a0-2a96-3897-9808-b2ca4ced87aa
|t 0
|
| 952 |
f |
f |
|p ric
|a Texas A&M University
|b Rellis Campus
|c Joint Library Facility
|s JLF
|d Remote Storage
|t 0
|e PA3013 .R82
|h Library of Congress classification
|i unmediated -- volume
|m A14806172608
|
| 998 |
f |
f |
|a PA3013 .R82
|t 0
|l Remote Storage
|